00395nam a22001337a 450000500170000000800410001704100250005808200130008310000250009624500540012126000360017530000250021165000250023620240213142457.0240213b |||||||| |||| 00| 0 eng d aAfrikaans / English  a349 TYD  lAfrikaans / English  aTydskrif vir Hedendaagse Romeins - Hollandse Reg  aDurban : bButterworth, c2003  b173 pages ; c25 cm. aLegal practice bLaw